| 000 | 01826nam0a2200373 4500 | ||
|---|---|---|---|
| 001 | RU\NLR\BIBL_A\022590453 | ||
| 005 | 20251124190159.0 | ||
| 010 |
_a978-5-9613-0709-2 _945 |
||
| 021 |
_aRU _bКН-П-25-031818 _9КН-П-25-3148 |
||
| 035 | _a(NLR Aleph) 022590453 | ||
| 090 |
_a13469659 _c13469659 |
||
| 100 | _a20250724d2021 u y0rusy50 ca | ||
| 101 | 0 | _arus | |
| 102 | _aRU | ||
| 105 | _ac z 000yd | ||
| 181 | 0 |
_ai3 _baxxe |
|
| 182 | 0 | _an | |
| 200 | 1 |
_aВысказывания русских писателей XIX века В. Г. Белинского и М. Е. Салтыкова-Щедрина _fК. А. Киселёв |
|
| 203 |
_aТекст _bвизуальный _cнепосредственный |
||
| 210 |
_aУфа _cМир печати _d2021 |
||
| 215 |
_a458, [1] с. _cпортр. _d21 |
||
| 600 | 1 |
_aБелинский _bВ. Г. _gВиссарион Григорьевич _f1811 - 1848 _xЦитаты _2nlr_sh2 _3RU\NLR\AUTH\6601763008 |
|
| 600 | 1 |
_aСалтыков-Щедрин _bМ. Е. _gМихаил Евграфович _f1826 - 1889 _xЦитаты _2nlr_sh2 _3RU\NLR\AUTH\6601579830 |
|
| 686 | 2 | _aШ4г(2)19дБелинский.я48 | |
| 686 | 2 | _aШ5(2=Р)52-4Салтыков-Щедрин.я48 | |
| 700 | 1 |
_aКиселёв _bК. А. _f1915-1986 _gКонстантин Андреевич |
|
| 702 | 1 |
_aБелинский _bВ. Г. _f1811-1848 _gВиссарион Григорьевич _3RU\NLR\AUTH\7716241 _4280 |
|
| 702 | 1 |
_aСалтыков-Щедрин _bМ. Е. _f1826-1889 _gМихаил Евграфович _3RU\NLR\AUTH\774332 _4280 |
|
| 942 | _cBOOK | ||
| 980 | _aNB | ||